000 00331nam a2200133Ia 4500
008 240624s9999 xx 000 0 und d
041 _aeng
082 _a658.404 TIN
100 _aTINSLEY RICHARD
245 _aPROJECT FINANCE PROJECT FINANCE RISKS ST
250 _a(2nd ed.)
260 _c2000
_bEuromoney Books
365 _c
_b38
999 _c31221
_d31221